Process capability studies. 4.: aplications of experimental design.

Príklady prípravy štatisticky plánovaných experimentov ako súčasť štúdií na posúdenie chovania výrobných procesov, alebo procesov služieb, pôsobenia činiteľov procesov a cesty na zníženie variability procesu.

Gespeichert in:
Bibliographische Detailangaben
1. Verfasser: Gunter, B.
Format: Buchkapitel
Sprache:Englisch
Schlagworte:
Tags: Tag hinzufügen
Keine Tags, Fügen Sie das erste Tag hinzu!

MARC

LEADER 00000naa a2200000 4500
001 r006183
005 20221213084436.9
041 0 |a eng 
044 |a US 
245 1 0 |a Process capability studies. 4.: aplications of experimental design.  |c B. Gunter 
520 |a Príklady prípravy štatisticky plánovaných experimentov ako súčasť štúdií na posúdenie chovania výrobných procesov, alebo procesov služieb, pôsobenia činiteľov procesov a cesty na zníženie variability procesu. 
610 2 0 |a metódy štatistické 
610 2 0 |a plánovanie 
610 2 0 |a experimenty 
610 2 0 |a správanie 
610 2 0 |a proces výrobný 
610 2 0 |a služby 
100 1 |a Gunter, B.